000
00334nam a2200145Ia 4500
005
20250404025243.0
008
240331s9999 xx 000 0 und d
082
_b
SOM
_a
894
100
_a
Somu, E
245
0
_a
Vidivelli poothththu
260
_a
Jaffna
_b
Varathar Veliyidu
_c
1989
300
_a
146 p .,
650
_a
Naval
942
_c
L
999
_c
3799
_d
3799